| 000 | 00652nam a2200217 u 4500 | ||
|---|---|---|---|
| 005 | 20240806064215.0 | ||
| 008 | 091113s2006 r 000 0 eng d | ||
| 020 | _a9508922486 (10 dígitos) | ||
| 020 | _a9789508922489 (13 dígitos) | ||
| 035 | _aUPN01000173737 | ||
| 049 | _aCG | ||
| 050 | 4 |
_aRC49 _bC7.2 |
|
| 100 | 1 | _aCristóforis, Oscar De | |
| 245 | 1 | 0 |
_aCuerpo, vínculo, lenguaje en el campo psicosomático / _cOscar de Cristóforis. |
| 260 |
_aBuenos Aires : _bLugar, _cc2006. |
||
| 300 | _a199 p. | ||
| 650 | 4 |
_aMEDICINA PSICOSOMATICA _916675 |
|
| 650 | 4 |
_aPsicoanálisis _91572 |
|
| 650 | 7 |
_aPsicopatología _2 _945619 |
|
| 905 | _aLibro | ||
| 999 |
_c145841 _d145841 |
||